Lifecycle costs (Record no. 80795)

MARC details
000 -LEADER
fixed length control field 01191cab a22002295a 4500
001 - CONTROL NUMBER
control field L145360
008 - FIXED-LENGTH DATA ELEMENTS--GENERAL INFORMATION
fixed length control field 080916e20080912xxkdo f 000 0 eng d
035 ## - SYSTEM CONTROL NUMBER
System control number (Sirsi) u145360
041 0# - LANGUAGE CODE
Language code of text/sound track or separate title eng
100 1# - MAIN ENTRY--PERSONAL NAME
Personal name Martin, Joe
245 00 - TITLE STATEMENT
Title Lifecycle costs
260 ## - PUBLICATION, DISTRIBUTION, ETC.
Date of publication, distribution, etc. 2008
490 ## - SERIES STATEMENT
Series statement Building
Volume/sequential designation 273(8546) 12 September 2008, 76-78(3)
520 ## - SUMMARY, ETC.
Summary, etc. The last in a series of six articles on school developments (see other articles under references L145210, L145344, L145345, L145349, L145354). Details a new standard of lifecycle costs for buildings and its accompanying UK guidance. Applies them to a case study of a national school project. Presents the standard as "BS ISO 15686-5:2008: Buildings and Constructed Assets. Service Life Planning. Lifecycle Costing", and the guidance as "Standardised Method of Lifecycle Costing (SMLCC)".
590 ## - LOCAL NOTE (RLIN)
Local note KA
650 24 - SUBJECT ADDED ENTRY--TOPICAL TERM
Topical term or geographic name entry element BS ISO 15686-5
650 24 - SUBJECT ADDED ENTRY--TOPICAL TERM
Topical term or geographic name entry element STANDARDISED METHOD OF LIFECYCLE COSTING (SMLCC)
651 #4 - SUBJECT ADDED ENTRY--GEOGRAPHIC NAME
Geographic name United Kingdom
Chronological subdivision
690 ## - LOCAL SUBJECT ADDED ENTRY--TOPICAL TERM (OCLC, RLIN)
Topical term or geographic name as entry element BUILT ENVIRONMENT-BUILDING TYPES-EDUCATIONAL, INFORMATION AND SCIENTIFIC FACILITIES
690 ## - LOCAL SUBJECT ADDED ENTRY--TOPICAL TERM (OCLC, RLIN)
Topical term or geographic name as entry element MANAGEMENT-BUSINESS MANAGEMENT-COST MANAGEMENT-COST ANALYSIS-LIFE CYCLE COSTING
942 ## - ADDED ENTRY ELEMENTS (KOHA)
Suppress in OPAC 0
Holdings
Withdrawn status Lost status Source of classification or shelving scheme Damaged status Not for loan Home library Current library Shelving location Date acquired Total Checkouts Full call number Barcode Date last seen Copy number Price effective from Koha item type
    Dewey Decimal Classification     London London Journal article 01/10/2008   L145360 145360-1001 06/08/2019 1 06/08/2019 Journal article